000
00264nam a2200133Ia 4500
100
_a
Thiruthuvadoss/M.A
490
_v
1
942
_c
BK
654
_a
Maths
245
_a
Magic Maths I
260
_b
Thiruthivadoss
082
_a
510/DAS
_b
DAS
546
_a
ENGLISH
999
_c
35643
_d
35643